000
00315nam a22001457a 4500
008
221111b ||||| |||| 00| 0 eng d
020
_a
0691022348
041
_a
eng
080
_a
101
082
_a
101 ALE
100
_a
44.1
101
_a
FILO
245
_a
INTERNATIONAL ETHICS
_c
ALEXANDER L
942
_2
udc
_c
BK
999
_c
58872
_d
58872